Normal view
MARC view
Entry Personal Name
001 - CONTROL NUMBER
- control field: 168680
003 - CONTROL NUMBER IDENTIFIER
- control field: OSt
005 - DATE AND TIME OF LATEST TRANSACTION
- control field: 20220923225524.0
008 - FIXED-LENGTH DATA ELEMENTS
- fixed length control field: 220923|| aca||aabn | a|a d
040 ## - CATALOGING SOURCE
- Original cataloging agency: OSt
- Transcribing agency: OSt
100 ## - HEADING--PERSONAL NAME
- Personal name: शर्मा, पाण्डेय बेचैन, उग्र
670 ## - SOURCE DATA FOUND
- Source citation: Work cat.: (OSt)378821: शर्मा, पाण्डेय बेचैन, उग्र, ग़ालिब उग्र, 1993
